01097cas a22003017a 45000010009000000050017000090080041000260100017000670220014000840250026000980350024001240400030001480420008001780430012001860500014001982450140002122460010003522600066003622600030004283000031004583100014004895000083005035300024005866500013006107100057006237760089006808560026007691589702520140905125645.0090904c19uu9999ii qr p 0 0eng  a 2009345549 a0973-3930 aI-D-E-2009-345549; 42 a(OCoLC)ocn435743847 aDLCbengcDLCdDLCdOCoLC apcc ad------00aNOT IN LC00aInternational journal of diabetes in developing countries.bofficial publication of Research Society for the Study of Diabetes in India13aIJDDC aMumbai :bResearch Society for the Study of Diabetes in India aNew DelhibSpringer India av. :bill., maps ;c29 cm. aQuarterly a"Official publication of Research Society for the Study of Diabetes in India." aAlso issued online. aDiabetes2 aResearch Society for the Study of Diabetes in India.1 tInternational journal of diabetes in developing countries (Online)w(OCoLC)225391599 uwww.spinger.com/13410